Probability and random processes with applications to signal processing / (Record no. 657)

000 -LEADER
fixed length control field 00807nam a22002534a 4500
001 - CONTROL NUMBER
control field 657
003 - CONTROL NUMBER IDENTIFIER
control field BD-DhUET
008 - FIXED-LENGTH DATA ELEMENTS--GENERAL INFORMATION
fixed length control field 010209s2002 njua b 001 0 eng
020 ## - INTERNATIONAL STANDARD BOOK NUMBER
International Standard Book Number 9788177583564
040 ## - CATALOGING SOURCE
Original cataloging agency DLC
Transcribing agency DLC
Modifying agency BD-DhUET
082 00 - DEWEY DECIMAL CLASSIFICATION NUMBER
Classification number 519.23
Item number STA/2002
100 1# - MAIN ENTRY--PERSONAL NAME
Personal name Stark, Henry,
245 10 - TITLE STATEMENT
Title Probability and random processes with applications to signal processing /
Statement of responsibility, etc. by Henry Stark, John W. Woods.
250 ## - EDITION STATEMENT
Edition statement 3rd ed.
260 ## - PUBLICATION, DISTRIBUTION, ETC. (IMPRINT)
Place of publication, distribution, etc. New Delhi:
Name of publisher, distributor, etc. Pearson Education;
Date of publication, distribution, etc. 2002.
300 ## - PHYSICAL DESCRIPTION
Extent xv, 689 p. :
Other physical details ill. ;
500 ## - GENERAL NOTE
General note Rev. ed.: Probability, random processes, and estimation theory for engineers. 2nd ed. 1994.
504 ## - BIBLIOGRAPHY, ETC. NOTE
Bibliography, etc Includes bibliographies
650 #0 - SUBJECT ADDED ENTRY--TOPICAL TERM
Topical term or geographic name as entry element Signal processing
650 #0 - SUBJECT ADDED ENTRY--TOPICAL TERM
Topical term or geographic name as entry element Probabilities.
650 #0 - SUBJECT ADDED ENTRY--TOPICAL TERM
Topical term or geographic name as entry element Stochastic processes.
700 1# - ADDED ENTRY--PERSONAL NAME
Personal name Woods, John W.
942 ## - ADDED ENTRY ELEMENTS (KOHA)
Koha item type General Book
Holdings
Location (home branch) Shelving location Date acquired Koha normalized classification for sorting Koha date last seen Koha item type Not for loan Damaged status Price effective from Piece designation (barcode) Koha full call number Sublocation or collection (holding branch) Source of classification or shelving scheme Withdrawn status Copy number Lost status
Central Library, BUETCirculation section2014-08-05519_000000000000000_23STA20022014-08-05General Book  2014-08-05111834519.23/STA/2002Central Library, BUET  1 
Central Library, BUETCirculation section2014-08-05519_000000000000000_23STA20022017-03-21General Book  2014-08-05111835519.23/STA/2002Central Library, BUET  2 
Central Library, BUETCirculation section2014-09-23519_000000000000000_23STA20022014-09-23General Book  2014-09-23101501519.23/STA/2002Central Library, BUET  3